Statistics for Сателитске слике #1

Click here to take the quiz!

General Stats

  • This quiz has been taken 334 times
  • The average score is 12 of 17

Answer Stats

Answer% Correct
Италија
97%
Аустралија
92%
Мексико
92%
Црно море
92%
Исланд
91%
Мадагаскар
81%
Кипар
77%
Црвено море
75%
Филипини
72%
Данска
66%
Куба
65%
Хималаји
61%
Доња Калифорнија
56%
Карипско море
49%
Мичиген
44%
Вашингтон
38%
Сан Франциско
14%

Score Distribution

Percentile by Number Answered

Percent of People with Each Score

Your Score History

You have not taken this quiz